000 00382nam a2200157Ia 4500
008 221030s9999 xx 000 0 und d
020 _a812030974X
041 _aEnglish
082 _a105.23
_bTan
100 _aA. S. Tanenbaum
245 0 _aModern Operating systems
_cby A. S. Tanenbaum
260 _bPHI
_aNew Delhi
_c1999
300 _a728
650 _aBE Computer
942 _cBK
999 _c2343
_d2343